000 00552nam a2200193 i 4500
001 25538
003 ES-MaACL
005 20230906153305.0
007 t|
008 021227s1969 sp ||||1| spa d
080 _a946.011"04/14"
100 1 _aArmesto, Victoria.
_922971
245 1 0 _aGalicia feudal /
_cVictoria Armesto.
260 _aVigo :
_bGalaxia,
_c[1969]
300 _a2 v. ;
_c21 cm.
594 _aSeud. de Maria Victoria Férnandez España.
651 4 _aGalicia-
_xHistoria-
_yS.V-XV.
_9157137
852 _aES-MaACL
_jC-39709-10
_bR.71785
999 _c25538
_d25538